Acuerdo de Cotonú. Firmado entre la Asociación de Estado de Africa, del Caribe, del Pacífico y la Comunidad EuropeaEscuela Diplomática y Consular. (Registro nro. 2081)

Detalles MARC
000 -LEADER
fixed length control field 00650nam a22001811a 4500
001 - CONTROL NUMBER
control field 2081
003 - CONTROL NUMBER IDENTIFIER
control field OSt
005 - DATE AND TIME OF LATEST TRANSACTION
control field 20260204211758.0
008 - FIXED-LENGTH DATA ELEMENTS--GENERAL INFORMATION
fixed length control field 040124s2001||||dr ||||||b||||||||||spa||
050 ## - LIBRARY OF CONGRESS CALL NUMBER
Classification number RD 382.9 R299a
082 ## - DEWEY DECIMAL CLASSIFICATION NUMBER
Classification number 382.9 R299a
111 ## - ASIENTO PRINCIPAL -- NOMBRE DE LA REUNIÓN
Meeting name or jurisdiction name as entry element República Dominicana. Secretaría de Relaciones Exteriores,
245 ## - TÍTULO PROPIAMENTE DICHO: SUBTÍTULO
Title Acuerdo de Cotonú. Firmado entre la Asociación de Estado de Africa, del Caribe, del Pacífico y la Comunidad EuropeaEscuela Diplomática y Consular.
264 ## - PRODUCTION, PUBLICATION, DISTRIBUTION, MANUFACTURE, AND COPYRIGHT NOTICE
Place of production, publication, distribution, manufacture Santo Domingo : Centenario
300 ## - PHYSICAL DESCRIPTION
Extensión 771 p.
650 ## - ASIENTO SECUNDARIO DE MATERIA -- TERMINO TEMÁTICO
Termino Temático Como Elemento de Entrada 1.Acuerdo Comerciales 2.Secretaría de Estado de Relaciones ExterioresÌ
942 ## - ADDED ENTRY ELEMENTS (KOHA)
Source of classification or shelving scheme Dewey Decimal Classification
Koha item type Libros
Existencias
Withdrawn status Lost status Source of classification or shelving scheme Damaged status Not for loan Current library Date acquired Total Checkouts Full call number Barcode Date last seen Price effective from Koha item type
    Dewey Decimal Classification     Biblioteca UTECO 09/09/2019   RD 382.9 R299A 006453 09/09/2019 09/09/2019 Libros
© 2021 Derechos Reservados UTECO - Teléfono: +1 809-585-2291 - Correo electrónico: biblioteca@uteco.edu.do​  
Código postal 43000 ​​
Dirección: Avenida Universitaria No. 100, 
Cotuí, Provincia Sánchez Ramírez, República Dominicana - RNC: 404-00059-6